| 000 | 00552nam a22001697a 4500 | ||
|---|---|---|---|
| 082 | _a005 | ||
| 100 | _aHamza, Abdul Qadir ; Aslam, Tahir ; Hamid, Anum | ||
| 245 |
_aMy Medico / _cAbdul Qadir Hamza ; Tahir Aslam ; Anum Hamid |
||
| 260 |
_aIslamabad : _bSEECS - NUST, _c2018. |
||
| 300 |
_a36 p. ; _c30cm. |
||
| 563 | _aHBK | ||
| 650 | _aComputer Science-Project Report | ||
| 700 | _aDr. Asad Ali Shah | ||
| 856 | _uhttp://10.250.8.41:8080/xmlui/handle/123456789/20334 | ||
| 942 |
_2ddc _cPR |
||
| 999 |
_c536243 _d536243 |
||